<?xml version="1.0" encoding="UTF-8"?>
<resp>
  <nextPage>https://data.bn.org.pl/api/networks/bibs.marcxml?marc=001+b00001150003868&amp;sinceId=1150003869</nextPage>
  <collection>
    <record xmlns='http://www.loc.gov/MARC21/slim'><leader>01002namZa2200313ZiZ4500</leader><controlfield tag='001'>b00001150003868</controlfield><controlfield tag='005'>20241203220723.2</controlfield><controlfield tag='008'>230609s        pl           |000 0 pol c</controlfield><controlfield tag='009'>9913261542605606</controlfield><datafield ind1=' ' ind2=' ' tag='020'><subfield code='a'>8371940645</subfield></datafield><datafield ind1=' ' ind2=' ' tag='035'><subfield code='a'>KR_1KR_1_20120317231546067544-48omnis_kr</subfield></datafield><datafield ind1=' ' ind2=' ' tag='035'><subfield code='a'>KR_1_20120317231546067544</subfield><subfield code='9'>ExL</subfield></datafield><datafield ind1=' ' ind2=' ' tag='035'><subfield code='a'>(PL)b00001150003868</subfield></datafield><datafield ind1=' ' ind2=' ' tag='040'><subfield code='a'>KR_1</subfield><subfield code='c'>KR_1</subfield></datafield><datafield ind1='1' ind2=' ' tag='041'><subfield code='a'>pol</subfield><subfield code='h'>ger</subfield></datafield><datafield ind1='1' ind2=' ' tag='100'><subfield code='a'>Brezina, Thomas</subfield></datafield><datafield ind1='1' ind2='0' tag='245'><subfield code='a'>Zemsta czerwonej mumii :</subfield><subfield code='b'>przygoda w Egipcie /</subfield><subfield code='c'>Thomas Brezina ; [przekł. Kamila Jędrzycka].</subfield></datafield><datafield ind1=' ' ind2=' ' tag='260'><subfield code='a'>Bielsko-Biała :</subfield><subfield code='b'>&quot;Kleks&quot;,</subfield><subfield code='c'>1997.</subfield></datafield><datafield ind1=' ' ind2=' ' tag='300'><subfield code='a'>136 s. :</subfield><subfield code='b'>il. ;</subfield><subfield code='c'>21 cm.</subfield></datafield><datafield ind1='1' ind2=' ' tag='490'><subfield code='a'>Klub Młodych Detektywów ;</subfield><subfield code='v'>1</subfield></datafield><datafield ind1=' ' ind2=' ' tag='500'><subfield code='a'>d</subfield></datafield><datafield ind1=' ' ind2='9' tag='650'><subfield code='a'>Literatura młodzieżowa austriacka</subfield><subfield code='y'>20 w.</subfield></datafield><datafield ind1='1' ind2=' ' tag='700'><subfield code='a'>Jędrzycka, Kamila</subfield><subfield code='e'>Tł.</subfield></datafield><datafield ind1=' ' ind2=' ' tag='852'><subfield code='b'>48OMNIS_NETWORK</subfield><subfield code='8'>9913261542605606</subfield></datafield><datafield ind1=' ' ind2=' ' tag='852'><subfield code='b'>48OMNIS_KR</subfield><subfield code='8'>991000038669708216</subfield></datafield><datafield ind1=' ' ind2=' ' tag='920'><subfield code='a'>83-7194-064-5</subfield></datafield></record>
  </collection>
</resp>
